Песни Михаила Круга - Statistics

General Stats
  • This quiz has been taken 70 times
  • The average score is 11 of 130
Answer Stats
Год Песня Альбом % Correct
1998 Владимирский централ Мадам
83%
1994 Жиган-лимон Жиган-лимон
74%
1994 Девочка — пай Жиган-лимон
57%
1994 Кольщик Жиган-лимон
53%
1994 Фраер Жиган-лимон
53%
2002 Купола Посвящение
50%
1998 Мадам Мадам
43%
2003 Исповедь Исповедь
38%
2000 Мышка Мышка
36%
2005 Студентка Владимирский централ — 2
34%
2002 Приходите в мой дом Посвящение
31%
1994 Светочка Жиган-лимон
22%
2001 После третьей ходки После третьей ходки
21%
2008 Калина-малина Калина-малина
19%
2002 Магадан Посвящение
17%
2001 Пацаны Пацаны
16%
1994 Электричка Жиган-лимон
14%
1996 Водочку пьём… Зелёный прокурор (Светочка)
12%
1999 Доброго пути Роза
12%
2005 Моим друзьям Моим друзьям
12%
1998 Письмо Мадам
10%
1996 Девочка — пай 2 Зелёный прокурор (Светочка)
10%
1994 А сечку жрите сами Жиган-лимон
9%
1994 День как день Жиган-лимон
9%
1996 Воробьи Зелёный прокурор (Светочка)
9%
1996 Тишина Зелёный прокурор (Светочка)
9%
1998 Давай поговорим Мадам
9%
1999 Чай с баранками Роза
9%
2002 Белый снег Посвящение
9%
2002 Только для тебя Посвящение
9%
2003 Кресты Исповедь
9%
1994 Дороги Жиган-лимон
7%
1994 Катя Жиган-лимон
7%
1996 Зона — СПИДу нет! Зелёный прокурор (Светочка)
7%
1996 Прокурору зелёному — слава! Зелёный прокурор (Светочка)
7%
1996 Селигер Зелёный прокурор (Светочка)
7%
1998 Красные карманы Мадам
7%
1999 Запоздалый рубль Роза
7%
1999 Летний день Роза
7%
1999 Прогулка с месяцем Роза
7%
1999 Честный вор Роза
7%
2002 Постой душа Посвящение
7%
2002 Свобода Посвящение
7%
2003 Раз, два, три по почкам Исповедь
7%
2008 Здравствуй Калина-малина
7%
1998 Мой Бог (Маравихер — 2) Мадам
7%
1994 Не спалила, любила Жиган-лимон
5%
1996 Маравихер Зелёный прокурор (Светочка)
5%
1996 Милый мой город Зелёный прокурор (Светочка)
5%
1998 Ностальгия о будущей любви Мадам
5%
1999 Ярославская Роза
5%
2000 Рубикон Мышка
5%
2003 На юга Исповедь
5%
2003 Красавица Исповедь
5%
2003 Масть крестовая Исповедь
5%
2000 Красные карманы — 2 Мышка
5%
2000 В Лазурном 3 Мышка
5%
2000 В Лазурном 4 Мышка
5%
1994 Кумовая Жиган-лимон
3%
1994 Осенний дождь Жиган-лимон
3%
1996 Зек-рэп Зелёный прокурор (Светочка)
3%
1996 У каких ворот Зелёный прокурор (Светочка)
3%
1996 Это было вчера Зелёный прокурор (Светочка)
3%
1996 Про Афганистан Живая струна
3%
1996 Я прошёл Сибирь Живая струна
3%
1996 В каждом городе… Живая струна
3%
1998 Всё сбудется Мадам
3%
1998 Здравствуйте! Мадам
3%
1998 Ништяк, Браток! Мадам
3%
1998 Это имя Мадам
3%
1999 Не гаснет огонёк Роза
3%
1999 Умница Роза
3%
2000 Браво Мышка
3%
2000 По-щенячьи и по-волчьи… Мышка
3%
2000 Я знаю вас Мышка
3%
2002 Дорога дальняя Посвящение
3%
1994 Добрая, глупая, давняя Жиган-лимон
2%
1996 Здравствуй, мама… Живая струна
2%
1996 Искры в камине… Живая струна
2%
1996 Мамины подружки Живая струна
2%
1999 Идёт этап Роза
2%
2000 Клава — Сирень Мышка
2%
2000 Мне тебя не понять Мышка
2%
2000 Морозовский городок Мышка
2%
2002 Две судьбы Посвящение
2%
2002 Лебеди Посвящение
2%
2002 Шансонье Посвящение
2%
2003 Тверичанка Исповедь
2%
2003 Я горько рыдаю Исповедь
2%
2005 Хаим Владимирский централ — 2
2%
2005 Отпусти меня начальник Моим друзьям
2%
2006 Ну, прощай Ирина Круг. Тебе моя последняя любовь
2%
2008 Жизнь Коли Калина-малина
2%
2011 Про гостей Студентка
2%
2011 Чиколда Студентка
2%
2003 Владимирский централ — 2 (Еврейский арестант) Исповедь
2%
1995 Я жду тебя, когда ты уезжаешь Концерт памяти Аркадия Северного
0%
1996 Я люблю тебя, когда ты далеко Зелёный прокурор (Светочка)
0%
1996 Новый год, порядки новые… Живая струна
0%
1996 О том, как женщины ходили жаловаться на мужчин к Богу Живая струна
0%
1996 Пожелтевший лист Живая струна
0%
1996 Помнишь, были годы… Живая струна
0%
1996 Про Таню Сытину и всех остальных Живая струна
0%
1996 Эвфемизм о прошлом Живая струна
0%
1999 Синее платьеце Роза
0%
2000 На бывшей «Новой» Мышка
0%
2001 Каторжанская Цыганочка Пацаны
0%
2000 Утренний скандал После третьей ходки
0%
2001 Ни в чем не виноватый После третьей ходки
0%
2001 Слободки После третьей ходки
0%
2003 Воля и покой Исповедь
0%
2004 Многих я здесь узнал Летопись. Том 3 — Домашний концерт
0%
2004 Я стою на крыльце Летопись. Том 3 — Домашний концерт
0%
2005 Андрею Горелову Моим друзьям
0%
2005 Женитьба Моим друзьям
0%
2005 Ко всему слеп и глух Моим друзьям
0%
2005 Мой сосед Моим друзьям
0%
2005 Монолог шизофреника Моим друзьям
0%
2005 Муся-буфетчица Моим друзьям
0%
2005 От чего весь день смеюсь Моим друзьям
0%
2006 Не бросай мою любовь Ирина Круг. Тебе моя последняя любовь
0%
2008 Милая зайка моя Архивные записи Фонда «Памяти М. Круга»
0%
2008 Зиночка-Зинуля Калина-малина
0%
2008 Лирическая Калина-малина
0%
2008 Мечта о замужестве Калина-малина
0%
2008 На военной машине Калина-малина
0%
2008 Не в Париже Калина-малина
0%
2008 О городе Калинине Калина-малина
0%
2008 Случай в городском саду Калина-малина
0%
2008 Я сидел и тормошил чужое платье Калина-малина
0%
No matching quizzes found
Score Distribution
Percent of People with Each Score
Percentile by Number Answered
Your Score History
You have not taken this quiz